Quiz- Personnage Biblique - Statistiques

Statistiques générales
  • Ce quiz a été pris 39 fois
  • Le résultat moyen est 13 sur 20
Statistiques - réponses
Indices Réponses % Correct
Je suis un jeune berger devenu roi, connu pour avoir affronté un géant avec une simple fronde et cinq pierres. David
100%
Appelé à quitter ma terre natale, je suis le père des nations et j’ai scellé une alliance avec Dieu sous les étoiles. Abraham
94%
Sauvé des eaux, j’ai conduit mon peuple hors d’Egypte, reçu les Dix commandements sur le Mont Sinaï, et vu la Terre promise de loin. Moïse
94%
Je suis la femme d’Abraham, mon fils est née alors que j’étais âgé de 90 ans. Sarah
91%
On me connaît pour ma grande sagesse, j’ai construit le premier Temple et résolu une dispute entre deux mères avec un jugement célèbre. Salomon
84%
– Je suis le préféré de mes frères, j’ai porté une tunique multicolore et sauvé l’Egypte grâce à mon don d’interpréter les rêves. Joseph
81%
J’ai été annoncé par trois anges, mon père a voulu me sacrifier mais j’ai été sauvé par un bélier envoyé par Dieu. Isaac
78%
Je suis une reine courageuse qui, au péril de ma vie, ai plaidé auprès du roi pour sauver mon peuple de la destruction. Esther
72%
Je suis le plus jeune des fils de Jacob, ma mère est morte en accouchant, et mon père ma toujours protégé avec une tendresse particulière. Benjamin
69%
Je suis le premier roi d’Israël, choisi pour ma prestance, mais ma désobéissance m’a coûté la faveur divine. Saul
66%
Je suis l’un des fils de Jacob, connu pour ma vengeance avec mon frère Sichem, et mes descendants deviendront les serviteurs du Temple de Jérusalem. Lévi
59%
Attristée par ma stérilité, j’ai prié ardemment au Temple et promis de consacrer mon fils à Dieu, ce fils devint le prophète Samuel. Hanna
56%
Je suis la sœur de Moïse et d’Aaron, j’ai veillé sur mon petit frère dans un panier sur le Nil, et j’ai conduit les femmes en chantant après la traversée de la Mer Rouge. Myriam
53%
Je suis une veuve qui a connu l’exil et le deuil, mais mon amour et ma foi m’ont permis de guider ma belle-fille, vers un nouvel avenir. Naomi
53%
Je suis l’aîné des fils de Jacob, connu pour avoir sauvé mon frère de la mort et de l’avoir à la place jeté dans un puit. Ruben
53%
Je suis la femme de Moïse, fille d’un prêtre madianite, j’ai sauvé mon époux lors d’un moment crucial en accomplissant un acte de fidélité envers l’alliance de Dieu. Séphora
44%
Je suis le fils cadet de Joseph béni par mon grand-père de la main droite, et mon est devenu celui d’une tribu puissante d’Israël. Ephraïm
38%
Je suis l’un des fils de Jacob, connu pour ma vengeance envers les habitants de Sichem après l’affront fait à ma sœur Dinah. Simon
38%
Connue pour ma sagesse et ma diplomatie, j’ai apaisé la colère de David envers mon mari Nabal, avant de devenir l’une de ses épouses. Abigaïl
34%
Je suis l’un des fils de Jacob et Bilha, ma descendance forma une tribut d’Israël, dont Samson est un membre célèbre. Dan
31%
Aucun quiz correspondant
Distribution des résultats
% des personnes avec chaque résultat
Percentile par nombre de réponses
Votre historique - résultats
Vous n’avez pas pris ce quiz